000 00482pab a2200157 454500
008 180718b2009 xxu||||| |||| 00| 0 eng d
100 _aForrester, Donald et al.
245 _aWhat is the impact of public care on children's welfare? A review of research findings from England and Wales and their policy implications
260 _c2009
300 _ap.439-56.
362 _aJul
650 _aChild welfare
773 _aJournal of Social Policy
908 _aN
909 _a83069
999 _c83069
_d83069